00601nam a2200217Ia 450000500170000000800410001708200210005824500220007926000540010130000120015565000100016765000110017765000120018865000150020065000130021570000200022870000170024894200060026595200970027199900150036820250217032430.0240331s9999 xx 000 0 und d bSAN25061a305.4 0aWomen and Culture aBombaybResearch Centre for Women's Studiesc1994 a204 p., aWomen aCinema aCulture aLiterature aPolitics aSangari, Keedt aVaid, Seedt cL 001040708LaWERCLbWERCLcSSCd2024-03-31l0o 305.4 WOMp5061r2024-03-31w2024-03-31yL c1730d1730